000
00225nam a22000857a 4500
008
161227b xxu||||| |||| 00| 0 eng d
100
_9
2186
_a
Gupta.S.P
245
_a
Work Book Social and Political -7
260
_a
New Delhi
_b
APC
_c
2011
999
_c
5075
_d
5075